[Event "Oslo Chess Festival 2017 "]
[Site "Quality Hotel Expo, Fornebu"]
[Date "2017.09.29"]
[Round "1"]
[White "Omtvedt, Per"]
[Black "Blomqvist, Erik"]
[Result "0-1"]
[WhiteElo "1880"]
[BlackElo "2521"]
[PlyCount "84"]
[EventDate "2017.??.??"]

1. e4 c5 2. Nc3 a6 3. g3 b5 4. Bg2 Bb7 5. d3 e6 6. Nf3 d6 7. O-O Nf6 8. e5 dxe5
9. Nxe5 Qc8 10. Bxb7 Qxb7 11. Qf3 Qxf3 12. Nxf3 Nc6 13. Re1 Be7 14. a4 b4 15.
Ne4 Nd5 16. Be3 Nxe3 17. fxe3 O-O-O 18. b3 Kc7 19. Rad1 Rd7 20. Ned2 g5 21. Nc4
f6 22. Kg2 h5 23. h3 Bd8 24. Rh1 Rg8 25. Kf2 Ne7 26. g4 Nd5 27. e4 Nf4 28. d4
Nxh3+ 29. Rxh3 hxg4 30. Rhh1 gxf3 31. dxc5 Rxd1 32. Rxd1 g4 33. Kg3 Be7 34. Rh1
Bxc5 35. Rh7+ Kb8 36. Rf7 Bd4 37. Re7 f2 38. Kg2 f5 39. Na5 Rc8 40. Nc4 f4 41.
Rxe6 f3+ 42. Kf1 Rh8
0-1

[Event "Oslo Chess Festival 2017 "]
[Site "Quality Hotel Expo, Fornebu"]
[Date "2017.09.29"]
[Round "1"]
[White "Stany, G.A."]
[Black "Huse, Sigurd Kjelsbøl"]
[Result "1-0"]
[WhiteElo "2491"]
[BlackElo "1876"]
[PlyCount "34"]
[EventDate "2017.??.??"]

1. e4 e5 2. Nf3 Nf6 3. Nc3 Nc6 4. Bb5 Bb4 5. O-O O-O 6. d3 Bxc3 7. bxc3 d6 8.
Bg5 Bd7 9. d4 exd4 10. cxd4 h6 11. Bh4 Ne7 12. Bxd7 Nxd7 13. Re1 Re8 14. Rb1
Rb8 15. d5 Ne5 16. Nd4 N5g6 17. Bg3 Qd7
1-0

[Event "Oslo Chess Festival 2017 "]
[Site "Quality Hotel Expo, Fornebu"]
[Date "2017.09.29"]
[Round "1"]
[White "Holand, Per Fredrik"]
[Black "Li, Di"]
[Result "0-1"]
[WhiteElo "1866"]
[BlackElo "2459"]
[PlyCount "150"]
[EventDate "2017.??.??"]

1. d4 Nf6 2. c4 g6 3. Nc3 d5 4. cxd5 Nxd5 5. Bd2 Nb6 6. Bf4 Bg7 7. e3 O-O 8.
Bd3 c5 9. dxc5 N6d7 10. Nge2 Nxc5 11. Bc2 Nc6 12. a3 Ne5 13. Bxe5 Bxe5 14. O-O
Bg4 15. f3 Be6 16. Nd4 Bc4 17. Re1 Rc8 18. Qd2 Ne6 19. Rad1 Qc7 20. f4 Nxd4 21.
fxe5 Nxc2 22. Qxc2 Qxe5 23. Qa4 a6 24. Rd4 Be6 25. Qb4 Rc7 26. Qb6 Qc5 27. Qxc5
Rxc5 28. Red1 Rfc8 29. e4 Kg7 30. Kf2 h5 31. Ke3 h4 32. R1d2 f6 33. Rf2 Kf7 34.
Rfd2 Ke8 35. Nd5 Rc1 36. Nc3 Rh1 37. Kf2 h3 38. Kg3 Rg1 39. Kf3 g5 40. g3 Kf7
41. Rd1 Rg2 42. R1d2 Rxd2 43. Rxd2 b5 44. Ke3 Bb3 45. Rd4 Bc4 46. Rd2 a5 47.
Nd1 Be6 48. Nc3 b4 49. axb4 axb4 50. Ne2 Bg4 51. Nd4 Rc1 52. Nc2 b3 53. Nd4
Re1+ 54. Kd3 Bc8 55. Nxb3 Ba6+ 56. Kd4 e5+ 57. Kc5 Rxe4 58. Na5 Re1 59. b4 Rb1
60. Nc4 Bxc4 61. Kxc4 Ke6 62. b5 e4 63. Kc5 Kf5 64. Re2 Ke5 65. Kc6 f5 66. b6
f4 67. gxf4+ gxf4 68. Rc2 e3 69. Rc5+ Kd4 70. Rd5+ Ke4 71. Rd8 f3 72. b7 f2 73.
Rf8 e2 74. b8=Q Rxb8 75. Rxb8 e1=Q
0-1

[Event "Oslo Chess Festival 2017 "]
[Site "Quality Hotel Expo, Fornebu"]
[Date "2017.09.29"]
[Round "1"]
[White "Arvola, Benjamin"]
[Black "Ski, Jonathan K"]
[Result "1-0"]
[WhiteElo "2458"]
[BlackElo "1848"]
[PlyCount "145"]
[EventDate "2017.??.??"]

1. d4 d5 2. c4 e6 3. Nc3 Nf6 4. cxd5 exd5 5. Bg5 Be7 6. e3 h6 7. Bh4 O-O 8. Bd3
Be6 9. Nge2 Nbd7 10. Qc2 c5 11. O-O Nh5 12. Bxe7 Qxe7 13. dxc5 Nxc5 14. Nd4
Nxd3 15. Qxd3 a6 16. Nxd5 Bxd5 17. Nf5 Qg5 18. Qxd5 g6 19. Nxh6+ Qxh6 20. Qxb7
Qg5 21. b3 Ng7 22. Rac1 Ne6 23. Rfd1 Qb5 24. Qe4 Rfd8 25. h4 Qe2 26. Rxd8+ Rxd8
27. Rc2 Qd1+ 28. Kh2 Qd3 29. Qxd3 Rxd3 30. g4 Kf8 31. Kg3 Ke7 32. Rc6 a5 33.
Ra6 Rd5 34. Ra7+ Ke8 35. Kf3 Rc5 36. Ke4 Nc7 37. Kd4 Ne6+ 38. Kd3 Nc7 39. h5
gxh5 40. gxh5 Kd7 41. h6 Kc6 42. h7 Rh5 43. Rxa5 Rxh7 44. Rf5 Nb5 45. b4 Nd6
46. Rc5+ Kb6 47. Rd5 Kc6 48. Rc5+ Kb6 49. a4 Nb7 50. a5+ Ka7 51. Rc7 Kb8 52.
Re7 Rh4 53. f4 f5 54. a6 Nd6 55. Rd7 Rh6 56. Kd4 Nb5+ 57. Kc5 Na7 58. b5 Nc8
59. Rb7+ Ka8 60. Rc7 Kb8 61. b6 Nxb6 62. Rb7+ Ka8 63. Rxb6 Rh8 64. Kd5 Ka7 65.
Re6 Rh3 66. Ke5 Rxe3+ 67. Kxf5 Rg3 68. Kf6 Kb8 69. f5 Kc7 70. Kf7 Kd7 71. f6
Ra3 72. a7 Kc7 73. Re8
1-0

[Event "Oslo Chess Festival 2017 "]
[Site "Quality Hotel Expo, Fornebu"]
[Date "2017.09.29"]
[Round "1"]
[White "Grøver, Sigurd Loe"]
[Black "Bartholomew, John"]
[Result "0-1"]
[WhiteElo "1816"]
[BlackElo "2449"]
[PlyCount "62"]
[EventDate "2017.??.??"]

1. e4 c5 2. Nc3 a6 3. g3 b5 4. Bg2 Bb7 5. d3 e6 6. f4 Be7 7. Nf3 d5 8. exd5
exd5 9. d4 c4 10. O-O Nf6 11. Ne5 O-O 12. a3 Nbd7 13. Be3 Nb6 14. Qe2 Ne8 15.
Bf3 f6 16. Ng4 Nd6 17. Qg2 Nf5 18. Rfe1 Qd7 19. Bf2 Rfd8 20. Rad1 a5 21. Ne3
Nxe3 22. Rxe3 b4 23. Rde1 Bf8 24. Nb1 c3 25. b3 bxa3 26. Nxc3 Rac8 27. Rc1 Bb4
28. Be1 Re8 29. Rxe8+ Qxe8 30. Nxd5 Bxe1 31. Nxf6+ gxf6
0-1

[Event "Oslo Chess Festival 2017 "]
[Site "Quality Hotel Expo, Fornebu"]
[Date "2017.09.29"]
[Round "1"]
[White "Østenstad, Berge"]
[Black "Kvendseth, Thyra"]
[Result "1-0"]
[WhiteElo "2447"]
[BlackElo "1810"]
[PlyCount "107"]
[EventDate "2017.??.??"]

1. d4 Nf6 2. c4 g6 3. Nc3 Bg7 4. e4 d6 5. Nf3 O-O 6. Be2 Nbd7 7. O-O e5 8. Be3
c6 9. d5 c5 10. Bg5 h6 11. Bd2 Nh7 12. Qc1 g5 13. Ne1 f5 14. exf5 Rxf5 15. Bg4
Rf8 16. Nc2 Nhf6 17. Be6+ Kh8 18. Ne3 Nb6 19. Bxc8 Nxc8 20. Qc2 Ne7 21. a3 Qd7
22. b4 b6 23. bxc5 bxc5 24. Rab1 Rab8 25. h3 Nh5 26. Rxb8 Rxb8 27. Rb1 Rxb1+
28. Qxb1 Nf4 29. Qb8+ Kh7 30. Ne4 Nc8 31. Kh2 Bh8 32. Ba5 Bg7 33. Bc7 Nd3 34.
Kg1 Kg6 35. Bxd6 Nxd6 36. Qxd6+ Qxd6 37. Nxd6 Bf6 38. Ne4 Bd8 39. Kf1 Ba5 40.
g3 h5 41. Ke2 Nc1+ 42. Kd1 Nd3 43. Ke2 Nc1+ 44. Kf3 Nd3 45. Nd1 Bb6 46. Ke3 Nc1
47. Nb2 Kf5 48. Nd6+ Kf6 49. g4 hxg4 50. hxg4 Nb3 51. Ne4+ Kg6 52. Nd3 Bc7 53.
d6 Bd8 54. Nxe5+
1-0

[Event "Oslo Chess Festival 2017 "]
[Site "Quality Hotel Expo, Fornebu"]
[Date "2017.09.29"]
[Round "1"]
[White "Aarnes, Carl Christian"]
[Black "Xu, Yi"]
[Result "0-1"]
[WhiteElo "1809"]
[BlackElo "2439"]
[PlyCount "80"]
[EventDate "2017.??.??"]

1. d4 Nf6 2. Nf3 d5 3. g3 e6 4. Bg2 Be7 5. O-O O-O 6. a3 c5 7. c3 a5 8. b3 b6
9. Bb2 Nc6 10. Nbd2 Bb7 11. Re1 Qc7 12. a4 Rad8 13. Qc2 Bd6 14. Rac1 Rfe8 15.
dxc5 Bxc5 16. Nd4 e5 17. Nb5 Qd7 18. e4 d4 19. Nc4 d3 20. Qd2 Ng4 21. Rf1 f5
22. h3 Nf6 23. exf5 Qxf5 24. Ne3 Qd7 25. Kh2 e4 26. Ba3 Ne5 27. b4 Bxe3 28.
Qxe3 Nfg4+ 29. hxg4 Nxg4+ 30. Kg1 Nxe3 31. fxe3 Qg4 32. bxa5 Qxg3 33. Nd4 Qxe3+
34. Kh2 d2 35. Ra1 Qxc3 36. Nf5 Qe5+ 37. Kh1 d1=Q 38. Nh6+ gxh6 39. Raxd1 Rxd1
40. Rxd1 Qh5+
0-1

[Event "Oslo Chess Festival 2017 "]
[Site "Quality Hotel Expo, Fornebu"]
[Date "2017.09.29"]
[Round "1"]
[White "Djurhuus, Rune"]
[Black "Svanholm, Børge Waaktaar"]
[Result "1-0"]
[WhiteElo "2417"]
[BlackElo "1806"]
[PlyCount "59"]
[EventDate "2017.??.??"]

1. e4 e6 2. d4 d5 3. e5 c5 4. c3 Nc6 5. Nf3 Bd7 6. Bd3 Qb6 7. dxc5 Bxc5 8. O-O
a5 9. Nbd2 a4 10. b4 axb3 11. Nxb3 Bf8 12. Nbd4 Nxd4 13. Nxd4 Ne7 14. Be3 Qc7
15. f4 Nc6 16. Nb5 Qa5 17. a4 Be7 18. Qh5 g6 19. Qh6 O-O-O 20. Rfb1 Rdf8 21.
Kh1 Kb8 22. Qh3 Bc8 23. Qg3 Bd8 24. Bc5 Be7 25. Bxe7 Nxe7 26. Qe3 Nc6 27. Nd6
Qa7 28. Qe2 Na5 29. Rb4 Kc7 30. Nb5+
1-0

[Event "Oslo Chess Festival 2017 "]
[Site "Quality Hotel Expo, Fornebu"]
[Date "2017.09.29"]
[Round "1"]
[White "Mikalsen, Bengt Arne"]
[Black "Efroimski, Marsel"]
[Result "0-1"]
[WhiteElo "1727"]
[BlackElo "2331"]
[PlyCount "100"]
[EventDate "2017.??.??"]

1. c4 Nf6 2. Nc3 e5 3. g3 d5 4. cxd5 Nxd5 5. Bg2 Nb6 6. Nf3 Nc6 7. d3 Be7 8.
O-O O-O 9. Nd2 Be6 10. b3 Qc8 11. Bb2 Bh3 12. Nf3 Bxg2 13. Kxg2 f5 14. e3 Qe6
15. Qe2 Rad8 16. Rfd1 Bf6 17. Nb5 a6 18. Na3 Rd7 19. Nc4 Rfd8 20. e4 Nxc4 21.
bxc4 f4 22. a3 Be7 23. h3 fxg3 24. fxg3 Bc5 25. Rd2 Rf8 26. Rad1 Rdf7 27. Rf1
Qe7 28. a4 Bb6 29. Rdd1 Qb4 30. Rc1 Qc5 31. Bc3 h6 32. Rcd1 Qd6 33. h4 Qe6 34.
h5 Qg4 35. a5 Bc5 36. Rde1 Qxh5 37. Bd2 Qg4 38. Be3 Be7 39. Rf2 Qe6 40. Ref1
Nxa5 41. Nh4 Bxh4 42. Rxf7 Rxf7 43. Rxf7 Qxf7 44. gxh4 Qg6+ 45. Kh3 Nc6 46. h5
Qe6+ 47. Qg4 Qxg4+ 48. Kxg4 Nd4 49. Bc1 Kf7 50. Ba3 b6
0-1

[Event "Oslo Chess Festival 2017 "]
[Site "Quality Hotel Expo, Fornebu"]
[Date "2017.09.29"]
[Round "1"]
[White "Tostrup, Trond"]
[Black "Risting, Eivind Olav"]
[Result "0-1"]
[WhiteElo "1717"]
[BlackElo "2322"]
[PlyCount "34"]
[EventDate "2017.??.??"]

1. d4 Nf6 2. g3 c5 3. d5 g6 4. Bg2 Bg7 5. e4 O-O 6. Ne2 d6 7. O-O b5 8. Nd2
Nbd7 9. Re1 Nb6 10. Nf1 a5 11. Rb1 a4 12. Ne3 Ng4 13. Nc3 Nxe3 14. Bxe3 a3 15.
e5 axb2 16. f4 b4 17. Ne4 Rxa2
0-1

[Event "Oslo Chess Festival 2017 "]
[Site "Quality Hotel Expo, Fornebu"]
[Date "2017.09.29"]
[Round "1"]
[White "Gabrielsen, Stig"]
[Black "Reigstad, Erlend"]
[Result "1-0"]
[WhiteElo "2314"]
[BlackElo "1687"]
[PlyCount "37"]
[EventDate "2017.??.??"]

1. e4 e6 2. d4 d5 3. Nc3 Bb4 4. e5 c5 5. a3 Bxc3+ 6. bxc3 Nc6 7. Qg4 g6 8. Nf3
Qc7 9. Qf4 cxd4 10. cxd4 Nb4 11. Bb5+ Kf8 12. axb4 Qc3+ 13. Ke2 Qxa1 14. Qh6+
Nxh6 15. Bxh6+ Ke7 16. Bg5+ Kf8 17. Rxa1 a6 18. Bf6 Rg8 19. Ng5
1-0

[Event "Oslo Chess Festival 2017 "]
[Site "Quality Hotel Expo, Fornebu"]
[Date "2017.09.29"]
[Round "1"]
[White "Grindbakken, Erik"]
[Black "Tryggestad, Andreas G"]
[Result "0-1"]
[WhiteElo "1675"]
[BlackElo "2302"]
[PlyCount "43"]
[EventDate "2017.??.??"]

1. e4 c5 2. Nf3 e6 3. Nc3 a6 4. a4 Nc6 5. Bc4 Nf6 6. e5 Ng4 7. Qe2 Qc7 8. d3
Ngxe5 9. Bb3 Nxf3+ 10. Qxf3 Nd4 11. Qg4 Nxb3 12. cxb3 Qe5+ 13. Be3 d5 14. d4
cxd4 15. Qxd4 Qxd4 16. Bxd4 Bd7 17. O-O Bc6 18. Bb6 Bd6 19. Rac1 O-O 20. Rc2 e5
21. Rfc1 e4 22. Nd1
0-1

[Event "Oslo Chess Festival 2017 "]
[Site "Quality Hotel Expo, Fornebu"]
[Date "2017.09.29"]
[Round "1"]
[White "Dolzhykova, Kateryna"]
[Black "Dahl, Max"]
[Result "1-0"]
[WhiteElo "2270"]
[BlackElo "1670"]
[PlyCount "93"]
[EventDate "2017.??.??"]

1. e4 c6 2. d4 d5 3. Nd2 dxe4 4. Nxe4 Nf6 5. Nxf6+ exf6 6. Nf3 Bf5 7. Bd3 Bxd3
8. Qxd3 Bd6 9. O-O O-O 10. c3 Nd7 11. b4 Re8 12. a4 Qc7 13. a5 b6 14. h3 Nf8
15. Bd2 Ng6 16. axb6 axb6 17. Rxa8 Rxa8 18. Re1 h6 19. Qe4 Rc8 20. h4 Bf4 21.
g3 Bxd2 22. Nxd2 Nf8 23. Nc4 Ne6 24. Ne3 Qd7 25. Nf5 Kh8 26. Qg4 Rg8 27. Qh5
Kh7 28. Qf3 g6 29. Ne3 f5 30. Nc4 Qc7 31. Ne5 Rc8 32. Qe3 Ng7 33. Qd3 f6 34.
Nf3 Rd8 35. Qc4 Qd7 36. Nd2 Ne8 37. Qe6 Qxe6 38. Rxe6 Rc8 39. Nc4 c5 40. Nxb6
Rb8 41. bxc5 Kg7 42. Re7+ Kg8 43. d5 Rd8 44. c6 Kf8 45. Rd7 Rb8 46. Rb7 Rd8 47.
c7
1-0

[Event "Oslo Chess Festival 2017 "]
[Site "Quality Hotel Expo, Fornebu"]
[Date "2017.09.29"]
[Round "1"]
[White "Nygaard, Karl Magnus"]
[Black "Hobber, Anders"]
[Result "0-1"]
[WhiteElo "1661"]
[BlackElo "2264"]
[PlyCount "88"]
[EventDate "2017.??.??"]

1. d4 d5 2. Nf3 Nf6 3. Bf4 c5 4. e3 Nc6 5. h3 e6 6. c3 Bd6 7. Bxd6 Qxd6 8. Bd3
O-O 9. O-O b6 10. Nbd2 Bb7 11. Rc1 Rad8 12. Bb1 Rfe8 13. Re1 e5 14. dxe5 Nxe5
15. Nxe5 Qxe5 16. Nf3 Qe7 17. Nh2 Ne4 18. Bxe4 dxe4 19. Qa4 a6 20. Rcd1 Rd3 21.
Re2 Red8 22. Rde1 Qe6 23. Nf1 Bd5 24. a3 Bb3 25. Qxa6 Qc6 26. a4 Bd1 27. Qc4
Bxe2 28. Rxe2 Rd1 29. g3 Qd7 30. Qxe4 Qxh3 31. Qg2 Qg4 32. f3 Qxa4 33. Kf2 Qc4
34. Qh3 Qd3 35. g4 h6 36. Qh4 Qb1 37. Kg2 R8d7 38. Rf2 Rc1 39. g5 hxg5 40. Qxg5
Rd6 41. Ng3 Rg1+ 42. Kh3 Qh7+ 43. Kg4 Rg6 44. Rd2 Rxg5+
0-1

[Event "Oslo Chess Festival 2017 "]
[Site "Quality Hotel Expo, Fornebu"]
[Date "2017.09.29"]
[Round "1"]
[White "Vestby-Ellingsen, Mads"]
[Black "Khoo-Thwe, Louis"]
[Result "1-0"]
[WhiteElo "2262"]
[BlackElo "1653"]
[PlyCount "107"]
[EventDate "2017.??.??"]

1. d4 Nf6 2. Bg5 e6 3. e4 h6 4. Bxf6 Qxf6 5. c3 d5 6. Nd2 b6 7. Ngf3 Bb7 8.
Bb5+ c6 9. Bd3 Nd7 10. O-O g5 11. exd5 cxd5 12. Bb5 Bd6 13. Bxd7+ Kxd7 14. Re1
Rag8 15. c4 dxc4 16. Nxc4 Bxf3 17. Qa4+ Bc6 18. Qxa7+ Bc7 19. Nxb6+ Kd8 20.
Rac1 Bxh2+ 21. Kxh2 Qxf2 22. Qb8+ Ke7 23. Qc7+ Kf8 24. Qxc6 Qh4+ 25. Kg1 Qxd4+
26. Kf1 Qd3+ 27. Re2 Qf5+ 28. Qf3 Qxf3+ 29. gxf3 h5 30. a4 h4 31. a5 Kg7 32. a6
Rb8 33. Rc6 h3 34. a7 Rb7 35. a8=Q Rxa8 36. Nxa8 Ra7 37. Kg1 Rxa8 38. Kh2 Rh8
39. b4 Rb8 40. Rb2 e5 41. b5 f5 42. b6 g4 43. fxg4 fxg4 44. b7 e4 45. Rc8 Rxb7
46. Rxb7+ Kf6 47. Rb5 e3 48. Re8 e2 49. Rxe2 Kg6 50. Re6+ Kf7 51. Ra6 g3+ 52.
Kxh3 g2 53. Rb7+ Ke8 54. Ra8#
1-0

[Event "Oslo Chess Festival 2017 "]
[Site "Quality Hotel Expo, Fornebu"]
[Date "2017.09.29"]
[Round "1"]
[White "Garcia, Megan Alyssa"]
[Black "Lund, Gunnar"]
[Result "0-1"]
[WhiteElo "1646"]
[BlackElo "2244"]
[PlyCount "106"]
[EventDate "2017.??.??"]

1. e4 e5 2. Nf3 Nc6 3. Bc4 Nf6 4. d3 Be7 5. O-O O-O 6. Re1 d6 7. a3 Nd7 8. Be3
Nb6 9. Bxb6 axb6 10. Nbd2 Kh8 11. Nf1 f5 12. Ne3 Bg5 13. Nxg5 Qxg5 14. Nxf5
Bxf5 15. exf5 Rxf5 16. Bd5 Raf8 17. Bxc6 bxc6 18. Re2 Qh4 19. g3 Qf6 20. Qd2 c5
21. c4 Rf3 22. b4 Qf5 23. Rd1 cxb4 24. axb4 c5 25. b5 h5 26. h4 Kh7 27. Qg5
Qxg5 28. hxg5 Ra8 29. Rdd2 Ra3 30. Re3 Rxe3 31. fxe3 Kg6 32. Kf2 Kxg5 33. Kf3
Kf5 34. Rd1 Ra2 35. Rh1 g6 36. Rd1 g5 37. e4+ Kg6 38. Re1 g4+ 39. Ke3 Rg2 40.
Ra1 Rxg3+ 41. Kf2 Rxd3 42. Ra6 Rd4 43. Rxb6 Rxc4 44. Rxd6+ Kg5 45. b6 Rxe4 46.
b7 Rb4 47. Rd7 Rb3 48. Rc7 h4 49. Rxc5 Rxb7 50. Rxe5+ Kf4 51. Re2 h3 52. Ra2
g3+ 53. Ke2 h2
0-1

[Event "Oslo Chess Festival 2017 "]
[Site "Quality Hotel Expo, Fornebu"]
[Date "2017.09.29"]
[Round "1"]
[White "Myhrvold, Rune"]
[Black "Bernstein, Jonas August"]
[Result "1-0"]
[WhiteElo "2243"]
[BlackElo "1645"]
[PlyCount "65"]
[EventDate "2017.??.??"]

1. e4 c6 2. d4 d5 3. e5 c5 4. c3 Nc6 5. Be2 cxd4 6. cxd4 Qb6 7. Nc3 e6 8. Nf3
Nge7 9. O-O Nf5 10. Na4 Qd8 11. a3 Be7 12. b4 O-O 13. Bb2 f6 14. Rc1 fxe5 15.
dxe5 a6 16. Bd3 Qe8 17. Nb6 Rb8 18. Bb1 Qh5 19. Qd3 Bd8 20. Nxc8 Rxc8 21. h3
Nh4 22. Nxh4 Qxh4 23. f4 Bb6+ 24. Kh2 Ne7 25. Rxc8 Rxc8 26. g3 Qh5 27. g4 Qh4
28. f5 exf5 29. gxf5 Qc4 30. Qf3 Qh4 31. f6 gxf6 32. exf6 Ng6 33. Qxd5+
1-0

[Event "Oslo Chess Festival 2017 "]
[Site "Quality Hotel Expo, Fornebu"]
[Date "2017.09.29"]
[Round "1"]
[White "Gaure, Sigurd Lauvås"]
[Black "Ronneland, Daniel"]
[Result "0-1"]
[WhiteElo "1640"]
[BlackElo "2218"]
[PlyCount "76"]
[EventDate "2017.??.??"]

1. e4 e5 2. Nf3 Nc6 3. Bb5 a6 4. Ba4 Nf6 5. O-O Be7 6. Re1 b5 7. Bb3 d6 8. c3
O-O 9. d4 Bg4 10. d5 Na5 11. Bc2 c5 12. b4 cxb4 13. cxb4 Nc4 14. Nbd2 Qc7 15.
Nxc4 bxc4 16. h3 Bh5 17. Be3 Rab8 18. Rb1 Rb7 19. Bg5 Rfb8 20. g4 Bg6 21. Qd2
c3 22. Qe2 Rxb4 23. Rxb4 Rxb4 24. Qxa6 Rb2 25. Qa4 h6 26. Bc1 Rb8 27. Ba3 Nd7
28. Qc6 Rc8 29. Ba4 Nb6 30. Nxe5 Nxa4 31. Nxg6 fxg6 32. Qxa4 c2 33. Bc1 Qc3 34.
Re2 Bg5 35. f4 Qg3+ 36. Kf1 Qxh3+ 37. Kg1 Qxg4+ 38. Kf1 Qf3+
0-1

[Event "Oslo Chess Festival 2017 "]
[Site "Quality Hotel Expo, Fornebu"]
[Date "2017.09.29"]
[Round "1"]
[White "Louis, Thibault"]
[Black "Tenold, Andreas"]
[Result "1-0"]
[WhiteElo "2207"]
[BlackElo "1625"]
[PlyCount "87"]
[EventDate "2017.??.??"]

1. e4 c5 2. Nf3 Nc6 3. Bb5 g6 4. Nc3 Bg7 5. O-O d6 6. d4 cxd4 7. Nxd4 Bd7 8.
Be3 Nf6 9. f3 O-O 10. Bxc6 bxc6 11. Nb3 h6 12. Qd2 Kh7 13. Rad1 Qc7 14. Qf2 Be6
15. Rfe1 Rfd8 16. Nd4 Bc4 17. b3 Ba6 18. Na4 c5 19. Ne2 Nd7 20. c4 Ne5 21. Nac3
e6 22. h3 Nc6 23. Rd2 Qa5 24. Rc1 e5 25. Qh4 f5 26. Bg5 Rd7 27. Rcd1 Nd4 28.
Nd5 Rf7 29. Nxd4 cxd4 30. exf5 Rxf5 31. Bf6 Bxf6 32. Nxf6+ Kg7 33. Ng4 h5 34.
Nf2 Re8 35. Ne4 Qb6 36. Ng3 Rf4 37. Qg5 Kh7 38. Nxh5 Ref8 39. Nxf4 Rxf4 40.
Qe7+ Kh6 41. Kh2 Bb7 42. Rd3 Qc6 43. R1d2 e4 44. Rxd4
1-0

[Event "Oslo Chess Festival 2017 "]
[Site "Quality Hotel Expo, Fornebu"]
[Date "2017.09.29"]
[Round "1"]
[White "Wærstad, Leif E"]
[Black "Nordquelle, Daniel"]
[Result "0-1"]
[WhiteElo "1614"]
[BlackElo "2203"]
[PlyCount "58"]
[EventDate "2017.??.??"]

1. d4 d5 2. Nf3 Nf6 3. c4 e6 4. Nc3 Nbd7 5. Bg5 h6 6. Bh4 Bb4 7. Qb3 Ba5 8. e3
c6 9. Bd3 Qe7 10. O-O O-O 11. Rac1 Rd8 12. Qc2 dxc4 13. Bxc4 b5 14. Bb3 Bb7 15.
Ne4 Rac8 16. Qb1 Bc7 17. Rfd1 a5 18. a3 Ba8 19. Bc2 a4 20. Nxf6+ Nxf6 21. Be4
Bd6 22. Bd3 e5 23. dxe5 Bxe5 24. Nxe5 Qxe5 25. Bg3 Qh5 26. Bf5 Rxd1+ 27. Rxd1
Re8 28. Re1 c5 29. Bd7 Nxd7
0-1

[Event "Oslo Chess Festival 2017 "]
[Site "Quality Hotel Expo, Fornebu"]
[Date "2017.09.29"]
[Round "1"]
[White "Sousa, Ludy Helsio P"]
[Black "Gabrielsen, Rasmus Arvola"]
[Result "1-0"]
[WhiteElo "2171"]
[BlackElo "1612"]
[PlyCount "65"]
[EventDate "2017.??.??"]

1. e4 c5 2. Nf3 Nc6 3. d4 cxd4 4. Nxd4 g6 5. Nc3 Bg7 6. Be3 Nf6 7. f3 O-O 8.
Bc4 d6 9. Qd2 a6 10. O-O-O Qc7 11. Bb3 b5 12. Nxc6 Qxc6 13. Nd5 Qb7 14. Nxf6+
Bxf6 15. Bd5 Qb8 16. Bxa8 Qxa8 17. g4 Be6 18. Bd4 Bxd4 19. Qxd4 Qc6 20. Rd3 a5
21. h4 b4 22. h5 Rc8 23. Rd2 Bxa2 24. hxg6 fxg6 25. f4 Bb3 26. Rhh2 Qa4 27. Kd1
Qa1+ 28. Ke2 Bxc2 29. Qd5+ Kh8 30. Qf7 Bd3+ 31. Kxd3 Qf1+ 32. Rde2 Qf3+ 33. Kd2
1-0

[Event "Oslo Chess Festival 2017 "]
[Site "Quality Hotel Expo, Fornebu"]
[Date "2017.09.29"]
[Round "1"]
[White "Eidukas, Paulius"]
[Black "Nielsen, Andre"]
[Result "0-1"]
[WhiteElo "1546"]
[BlackElo "2162"]
[PlyCount "56"]
[EventDate "2017.??.??"]

1. Nf3 d5 2. d4 Nf6 3. c4 e6 4. Nc3 Be7 5. e3 O-O 6. Bd3 c5 7. O-O Nc6 8. b3
cxd4 9. exd4 b6 10. Bb2 Bb7 11. cxd5 Nxd5 12. Nxd5 Qxd5 13. Qe2 Bf6 14. Bc4 Qd6
15. Rfd1 Ne7 16. a4 Rfd8 17. Ba3 Qf4 18. Bxe7 Bxe7 19. d5 Bf6 20. Ra2 exd5 21.
Ba6 Bxa6 22. Qxa6 Rac8 23. Qxa7 Rc1 24. Rad2 Qxd2 25. Nxd2 Rxd1+ 26. Nf1 d4 27.
g3 d3 28. Qxb6 d2
0-1

[Event "Oslo Chess Festival 2017 "]
[Site "Quality Hotel Expo, Fornebu"]
[Date "2017.09.29"]
[Round "1"]
[White "Li, Xueyi"]
[Black "Nordquelle, Amelia"]
[Result "1-0"]
[WhiteElo "2157"]
[BlackElo "1546"]
[PlyCount "59"]
[EventDate "2017.??.??"]

1. d4 d5 2. c4 e6 3. Nc3 Nf6 4. Nf3 b6 5. Bg5 Bb7 6. cxd5 exd5 7. e3 Be7 8. Bd3
O-O 9. Qc2 h6 10. Bh4 Na6 11. a3 c5 12. O-O Nc7 13. Rad1 Re8 14. Bf5 Bc8 15.
Ne5 Ne6 16. Nc6 Qd6 17. Nxe7+ Rxe7 18. Bxf6 gxf6 19. dxc5 Qxc5 20. Nxd5 Rb7 21.
Nxf6+ Kh8 22. Qxc5 bxc5 23. Be4 Rab8 24. Bxb7 Rxb7 25. f4 Rxb2 26. Rb1 Rxb1 27.
Rxb1 Kg7 28. Ne8+ Kf8 29. Nd6 Ke7 30. Nxc8+
1-0

[Event "Oslo Chess Festival 2017 "]
[Site "Quality Hotel Expo, Fornebu"]
[Date "2017.09.29"]
[Round "1"]
[White "Tunsjø, Axel"]
[Black "Lillevold, Frode"]
[Result "0-1"]
[WhiteElo "1519"]
[BlackElo "2128"]
[PlyCount "66"]
[EventDate "2017.??.??"]

1. d4 d5 2. Bf4 Nf6 3. e3 c5 4. c3 Nc6 5. Bd3 Qb6 6. b3 Bg4 7. f3 Bh5 8. Ne2
cxd4 9. exd4 Bg6 10. Bxg6 hxg6 11. Qd3 e6 12. O-O Be7 13. Nd2 O-O 14. a4 a6 15.
Rfe1 Rac8 16. Kh1 Nh5 17. Be3 Bd6 18. g4 Nf6 19. Bg5 Qc7 20. Kg2 Rfe8 21. h4 e5
22. h5 e4 23. fxe4 Nxe4 24. Nf3 Qd7 25. Rg1 Qxg4+ 26. Kf1 Qxh5 27. Ra2 Qh3+ 28.
Ke1 Nxc3 29. Bf6 Bg3+ 30. Kd2 Rxe2+ 31. Kc1 Nxa2+ 32. Kb1 Ncb4 33. Ng5 Nxd3
0-1

[Event "Oslo Chess Festival 2017 "]
[Site "Quality Hotel Expo, Fornebu"]
[Date "2017.09.29"]
[Round "1"]
[White "Kyrkjebø, Erlend"]
[Black "Selvik, Kjetil"]
[Result "1-0"]
[WhiteElo "2122"]
[BlackElo "1517"]
[PlyCount "53"]
[EventDate "2017.??.??"]

1. e4 e6 2. d4 d5 3. Nd2 Nf6 4. e5 Nfd7 5. Bd3 c5 6. c3 Nc6 7. Ne2 Be7 8. O-O
b6 9. Nf3 Bb7 10. Bd2 g5 11. Ne1 Qc7 12. f4 g4 13. f5 O-O-O 14. fxe6 fxe6 15.
Nf4 cxd4 16. Nxe6 Qxe5 17. Nxd8 Nxd8 18. Qxg4 dxc3 19. Nf3 Qd6 20. Bxc3 h5 21.
Qh3 Rh6 22. Be5 Qe6 23. Bf5 Qc6 24. Kh1 Bc5 25. Bf4 Rf6 26. Ne5 d4 27. Bxd7+
1-0

[Event "Oslo Chess Festival 2017 "]
[Site "Quality Hotel Expo, Fornebu"]
[Date "2017.09.29"]
[Round "1"]
[White "Vangen, David Luangtep"]
[Black "Zhao, Shengxin"]
[Result "0-1"]
[WhiteElo "1499"]
[BlackElo "2113"]
[PlyCount "100"]
[EventDate "2017.??.??"]

1. e4 c5 2. Nf3 d6 3. d4 cxd4 4. Nxd4 Nf6 5. Nc3 a6 6. Bd3 e5 7. Nde2 Be7 8. h3
h5 9. O-O Nbd7 10. a4 Nc5 11. Be3 Nxd3 12. cxd3 d5 13. exd5 Nxd5 14. Nxd5 Qxd5
15. d4 O-O 16. Nc3 Qd6 17. Qxh5 exd4 18. Rfd1 d3 19. Qd5 Qg6 20. Qxd3 Bf5 21.
Qd5 Bxh3 22. Qxb7 Bd6 23. Rxd6 Qxd6 24. gxh3 Rab8 25. Qd5 Qg6+ 26. Qg5 Qxg5+
27. Bxg5 Rxb2 28. Rb1 Rxb1+ 29. Nxb1 Rc8 30. Bd2 Rc2 31. Be3 Rc4 32. Nd2 Rxa4
33. Kg2 f5 34. Kf3 Kf7 35. Bg5 Rb4 36. Ke3 a5 37. f4 a4 38. Kd3 a3 39. Kc3 a2
40. Kxb4 a1=Q 41. h4 Qb2+ 42. Nb3 Ke6 43. Kc4 Qc2+ 44. Kb4 Kd5 45. h5 Qc4+ 46.
Ka3 Qc3 47. h6 Kc4 48. Ka2 Qxb3+ 49. Ka1 Kc3 50. Bf6+ gxf6
0-1

[Event "Oslo Chess Festival 2017 "]
[Site "Quality Hotel Expo, Fornebu"]
[Date "2017.09.29"]
[Round "1"]
[White "Rishovd, Svein"]
[Black "Kreken, Eivind Grunt"]
[Result "1-0"]
[WhiteElo "2109"]
[BlackElo "1486"]
[PlyCount "61"]
[EventDate "2017.??.??"]

1. d4 d5 2. c4 c6 3. Nf3 Nf6 4. g3 g6 5. Bg2 Bg7 6. O-O O-O 7. Qb3 Nbd7 8. Nc3
e6 9. Bf4 Nb6 10. c5 Nc4 11. Qc2 Nh5 12. Bc1 b6 13. b3 bxc5 14. bxc4 cxd4 15.
Na4 d3 16. Qb1 Bxa1 17. Qxa1 dxc4 18. exd3 cxd3 19. Qc3 Qd6 20. Bb2 f6 21. Ba3
Qd7 22. Bxf8 Kxf8 23. Nc5 Qd6 24. Rd1 e5 25. Rxd3 Qe7 26. Nd2 Qc7 27. Nde4 Bf5
28. Nd6 Kg8 29. Nxf5 gxf5 30. Rd7 Qb6 31. Qc4+
1-0

[Event "Oslo Chess Festival 2017 "]
[Site "Quality Hotel Expo, Fornebu"]
[Date "2017.09.29"]
[Round "1"]
[White "Leonhardsen, Vebjørn Maanum"]
[Black "Sjøberg, Isak"]
[Result "0-1"]
[WhiteElo "1483"]
[BlackElo "2078"]
[PlyCount "22"]
[EventDate "2017.??.??"]

1. d4 Nf6 2. Nf3 c5 3. c3 e6 4. Bf4 cxd4 5. cxd4 Qb6 6. Qc2 Nc6 7. e3 d6 8. a3
Bd7 9. Bd3 Rc8 10. Qd2 Na5 11. Qb4 Rc1+
0-1